[Event "Haringey Masters"]
[Site "London, Muswell Hill"]
[Date "1989.07.11"]
[Round "1"]
[White "Elyoseph, Harel"]
[Black "Matulovic, Milan"]
[Result "1/2-1/2"]
[WhiteElo "2320"]
[BlackElo "2425"]
[PlyCount "29"]
[EventDate "1989.07.11"]
[EventType "schev"]
[EventRounds "9"]
[EventCountry "ENG"]
[SourceTitle "BritBase"]
[Source "John Saunders"]
[SourceDate "2025.08.03"]
[SourceVersion "1"]
[SourceVersionDate "2025.08.03"]
[SourceQuality "1"]

1. d4 g6 2. c4 Bg7 3. Nc3 c5 4. d5 Nf6 5. e4 d6 6. Be2 O-O 7. Bg5 e6 8. Qd2 exd5 9. exd5 Re8 10. Nf3 Bg4 11. O-O Nbd7 12. h3 Bxf3 13. Bxf3 a6 14. Rfe1 Qa5 15. Be2 1/2-1/2

[Event "Haringey Masters"]
[Site "London, Muswell Hill"]
[Date "1989.07.11"]
[Round "1"]
[White "Iclicki, Willy"]
[Black "Shrentzel, Mordechai"]
[Result "1-0"]
[WhiteElo "2255"]
[BlackElo "2325"]
[PlyCount "69"]
[EventDate "1989.07.11"]
[EventType "schev"]
[EventRounds "9"]
[EventCountry "ENG"]
[SourceTitle "BritBase"]
[Source "John Saunders"]
[SourceDate "2025.08.03"]
[SourceVersion "1"]
[SourceVersionDate "2025.08.03"]
[SourceQuality "1"]

1. d4 Nf6 2. c4 e5 3. dxe5 Ng4 4. Bf4 Bb4+ 5. Nd2 Nc6 6. Ngf3 Qe7 7. a3 Ngxe5 8. Nxe5 Nxe5 9. e3 Bxd2+ 10. Qxd2 d6 11. Rc1 O-O 12. c5 dxc5 13. Qd5 Ng6 14. Bg3 c6 15. Qxc5 Qxc5 16. Rxc5 Be6 17. Be2 Rad8 18. h4 Ne7 19. Be5 f6 20. Bf4 Nd5 21. Bg3 Rd7 22. O-O Rfd8 23. Bc4 Kf7 24. Bxd5 Rxd5 25. Rxd5 Rxd5 26. Rc1 Rd2 27. b4 Bb3 28. Rc3 Ba4 29. Bb8 a6 30. Ba7 Bb5 31. g3 Ke6 32. Kg2 Kd5 33. Rc5+ Ke4 34. Rc3 Be2 35. g4 1-0

[Event "Haringey Masters"]
[Site "London, Muswell Hill"]
[Date "1989.07.11"]
[Round "1"]
[White "Karolyi, Tibor Jr"]
[Black "Mortazavi, Ali"]
[Result "1-0"]
[WhiteElo "2430"]
[BlackElo "2325"]
[PlyCount "65"]
[EventDate "1989.07.11"]
[EventType "schev"]
[EventRounds "9"]
[EventCountry "ENG"]
[SourceTitle "BritBase"]
[Source "John Saunders"]
[SourceDate "2025.08.03"]
[SourceVersion "1"]
[SourceVersionDate "2025.08.03"]
[SourceQuality "1"]

1. d4 Nf6 2. c4 g6 3. Nc3 Bg7 4. e4 d6 5. Nf3 O-O 6. Be2 e5 7. O-O Nc6 8. d5 Ne7 9. Ne1 Nd7 10. Be3 f5 11. f3 Nf6 12. c5 h5 13. Rc1 dxc5 14. Bxc5 Bh6 15. Rc2 b6 16. Bf2 fxe4 17. fxe4 Ng4 18. Bxg4 Bxg4 19. Qd3 c6 20. h3 Bd7 21. d6 Nc8 22. Nf3 Qf6 23. Rd1 Rf7 24. Bg3 Bf4 25. Bxf4 Qxf4 26. Rcd2 Qf6 27. b4 b5 28. a4 a6 29. a5 Ra7 30. Ne2 g5 31. Qe3 Rg7 32. Ng3 Qf4 33. Qxf4 1-0

[Event "Haringey Masters"]
[Site "London, Muswell Hill"]
[Date "1989.07.11"]
[Round "1"]
[White "Kool, Gerard J"]
[Black "Hodgson, Julian M"]
[Result "0-1"]
[WhiteElo "2260"]
[BlackElo "2535"]
[PlyCount "34"]
[EventDate "1989.07.11"]
[EventType "schev"]
[EventRounds "9"]
[EventCountry "ENG"]
[SourceTitle "BritBase"]
[Source "John Saunders"]
[SourceDate "2025.08.03"]
[SourceVersion "1"]
[SourceVersionDate "2025.08.03"]
[SourceQuality "1"]

1. c4 e5 2. Nc3 Bb4 3. g3 Bxc3 4. bxc3 Ne7 5. Bg2 O-O 6. d3 Nbc6 7. Nh3 d6 8. O-O f5 9. f4 Qe8 10. Rb1 Rb8 11. d4 e4 12. e3 Na5 13. Qe2 c5 14. Nf2 b6 15. Nd1 Ba6 16. Nb2 Qf7 17. Rd1 Nxc4 0-1

[Event "Haringey Masters"]
[Site "London, Muswell Hill"]
[Date "1989.07.11"]
[Round "1"]
[White "Martin, Andrew D"]
[Black "Pergericht, Daniel"]
[Result "1/2-1/2"]
[WhiteElo "2425"]
[BlackElo "2325"]
[PlyCount "63"]
[EventDate "1989.07.11"]
[EventType "schev"]
[EventRounds "9"]
[EventCountry "ENG"]
[SourceTitle "BritBase"]
[Source "John Saunders"]
[SourceDate "2025.08.03"]
[SourceVersion "1"]
[SourceVersionDate "2025.08.03"]
[SourceQuality "1"]

1. Nf3 d5 2. b3 Nf6 3. Bb2 Bf5 4. g3 e6 5. Bg2 h6 6. O-O Be7 7. d3 O-O 8. e3 c5 9. Qe2 Nc6 10. Nbd2 Re8 11. e4 Bh7 12. Ne5 Nd4 13. Qd1 Qb6 14. c3 Nc6 15. Nxc6 Qxc6 16. Qe2 Qa6 17. c4 dxc4 18. Nxc4 Rad8 19. Rfc1 Nd7 20. Bf1 Nb8 21. Qg4 f6 22. Ne3 Qb6 23. Rd1 Kh8 24. Rac1 Rf8 25. e5 f5 26. Qh5 Nc6 27. Nc4 Qc7 28. Nd6 Bxd6 29. exd6 Qxd6 30. Qxh6 Nd4 31. Bxd4 cxd4 32. Qh5 1/2-1/2

[Event "Haringey Masters"]
[Site "London, Muswell Hill"]
[Date "1989.07.11"]
[Round "1"]
[White "Pein, Malcolm"]
[Black "Polaczek, Richard"]
[Result "1-0"]
[WhiteElo "2385"]
[BlackElo "2400"]
[PlyCount "38"]
[EventDate "1989.07.11"]
[EventType "schev"]
[EventRounds "9"]
[EventCountry "ENG"]
[SourceTitle "BritBase"]
[Source "John Saunders"]
[SourceDate "2025.08.03"]
[SourceVersion "1"]
[SourceVersionDate "2025.08.03"]
[SourceQuality "1"]

1. d4 Nf6 2. c4 e6 3. Nf3 b6 4. g3 Ba6 5. Nbd2 Bb7 6. Bg2 c5 7. e4 cxd4 8. e5 Ng4 9. O-O h5 10. h3 Nh6 11. Nxd4 Bxg2 12. Kxg2 h4 13. Qf3 Na6 14. Ne4 Be7 15. Nb5 Kf8 16. Nbd6 Bxd6 17. Nxd6 f5 18. exf6 gxf6 19. Qh5 Kg7 1-0

[Event "Haringey Masters"]
[Site "London, Muswell Hill"]
[Date "1989.07.11"]
[Round "1"]
[White "Watson, William N"]
[Black "Dunnington, Angus J"]
[Result "1-0"]
[WhiteElo "2495"]
[BlackElo "2380"]
[PlyCount "75"]
[EventDate "1989.07.11"]
[EventType "schev"]
[EventRounds "9"]
[EventCountry "ENG"]
[SourceTitle "BritBase"]
[Source "John Saunders"]
[SourceDate "2025.08.03"]
[SourceVersion "1"]
[SourceVersionDate "2025.08.03"]
[SourceQuality "1"]

1. e4 g6 2. d4 c6 3. Nc3 d5 4. e5 h5 5. Be2 Nh6 6. Bg5 Bg7 7. Qd2 Nd7 8. h3 Nf8 9. O-O-O Ne6 10. Be3 Nf5 11. Nf3 h4 12. Bd3 Bd7 13. Kb1 Nxe3 14. fxe3 Qb6 15. Qf2 g5 16. e4 dxe4 17. Nxe4 Bh6 18. Bc4 Rg8 19. Nh2 Nf4 20. Ng4 Bxg4 21. hxg4 O-O-O 22. Bxf7 Rgf8 23. Bb3 Ng6 24. Qe3 Nf4 25. g3 Nd5 26. Qe2 Bg7 27. gxh4 Nf4 28. Qe3 gxh4 29. Nc5 Kb8 30. c3 Ka8 31. Rdf1 Nd5 32. Qg5 Rg8 33. Ne6 Bh8 34. Qxh4 Rc8 35. Rf7 a6 36. Rh7 Ne3 37. Nc5 Qb5 38. Bxg8 1-0

[Event "Haringey Masters"]
[Site "London, Muswell Hill"]
[Date "1989.07.12"]
[Round "2"]
[White "Dunnington, Angus J"]
[Black "Karolyi, Tibor Jr"]
[Result "1/2-1/2"]
[WhiteElo "2380"]
[BlackElo "2430"]
[PlyCount "42"]
[EventDate "1989.07.11"]
[EventType "schev"]
[EventRounds "9"]
[EventCountry "ENG"]
[SourceTitle "BritBase"]
[Source "John Saunders"]
[SourceDate "2025.08.03"]
[SourceVersion "1"]
[SourceVersionDate "2025.08.03"]
[SourceQuality "1"]

1. Nf3 f5 2. c4 Nf6 3. Nc3 g6 4. d3 Bg7 5. e4 d6 6. Be2 Nc6 7. h4 O-O 8. Bg5 h6 9. Bxf6 Bxf6 10. Qd2 Bg7 11. O-O-O e5 12. Kb1 a6 13. Rc1 Be6 14. Nd5 Ne7 15. h5 g5 16. exf5 Nxf5 17. Nh2 c6 18. Ne3 Ne7 19. Bg4 Bf7 20. Nhf1 d5 21. Ng3 dxc4 1/2-1/2

[Event "Haringey Masters"]
[Site "London, Muswell Hill"]
[Date "1989.07.12"]
[Round "2"]
[White "Dutreeuw, Marc"]
[Black "Watson, William N"]
[Result "1-0"]
[WhiteElo "2400"]
[BlackElo "2495"]
[PlyCount "89"]
[EventDate "1989.07.11"]
[EventType "schev"]
[EventRounds "9"]
[EventCountry "ENG"]
[SourceTitle "BritBase"]
[Source "John Saunders"]
[SourceDate "2025.08.03"]
[SourceVersion "1"]
[SourceVersionDate "2025.08.03"]
[SourceQuality "1"]

1. e4 c5 2. Nf3 d6 3. d4 cxd4 4. Nxd4 Nf6 5. Nc3 g6 6. Be3 Bg7 7. f3 O-O 8. Qd2 Nc6 9. g4 Be6 10. O-O-O Nxd4 11. Bxd4 Qa5 12. a3 Rab8 13. Kb1 Rfc8 14. g5 Nh5 15. Nd5 Qxd2 16. Rxd2 Bxd5 17. exd5 a6 18. Bh3 Rc4 19. Rhd1 h6 20. Bf1 Rxd4 21. Rxd4 Bxd4 22. Rxd4 Rc8 23. h4 Kg7 24. Bh3 Rc7 25. c3 f6 26. f4 Ng3 27. Kc2 Ne2 28. Re4 Ng3 29. Rd4 Rc5 30. Kd3 fxg5 31. fxg5 hxg5 32. hxg5 Nf5 33. b4 Rc8 34. Rc4 Rxc4 35. Kxc4 b6 36. Kd3 Kf7 37. a4 Kg7 38. Bxf5 gxf5 39. Ke3 b5 40. a5 Kf7 41. c4 bxc4 42. Kd4 Kg6 43. Kxc4 Kxg5 44. Kd3 Kf4 45. b5 1-0

[Event "Haringey Masters"]
[Site "London, Muswell Hill"]
[Date "1989.07.12"]
[Round "2"]
[White "Matulovic, Milan"]
[Black "Iclicki, Willy"]
[Result "1-0"]
[WhiteElo "2425"]
[BlackElo "2255"]
[PlyCount "113"]
[EventDate "1989.07.11"]
[EventType "schev"]
[EventRounds "9"]
[EventCountry "ENG"]
[SourceTitle "BritBase"]
[Source "John Saunders"]
[SourceDate "2025.08.03"]
[SourceVersion "1"]
[SourceVersionDate "2025.08.03"]
[SourceQuality "1"]

1. e4 c6 2. d4 d5 3. Nd2 dxe4 4. Nxe4 Nd7 5. Bc4 Ngf6 6. Ng5 e6 7. Qe2 Nb6 8. Bd3 h6 9. N5f3 c5 10. dxc5 Bxc5 11. Ne5 Nbd7 12. Ngf3 Qc7 13. O-O Nxe5 14. Nxe5 O-O 15. Bf4 Bd6 16. Rad1 Rd8 17. c4 b6 18. Bg3 Bb7 19. Bc2 Rac8 20. Rd4 Bxe5 21. Bxe5 Qc6 22. Rxd8+ Rxd8 23. f3 Qc5+ 24. Kh1 Qe7 25. Rd1 Bc6 26. Rxd8+ Qxd8 27. b4 Kf8 28. Qd3 Qxd3 29. Bxd3 Ke7 30. Kg1 a5 31. b5 Bb7 32. Bd4 Nd7 33. Bxg7 Nc5 34. Bc2 h5 35. Kf2 f6 36. Bh6 e5 37. Be3 Kd6 38. Bf5 e4 39. fxe4 Nxe4+ 40. Bxe4 Bxe4 41. Bxb6 Bd3 42. Kg3 a4 43. c5+ Kd7 44. Kh4 Bxb5 45. Kxh5 Bf1 46. g3 Bh3 47. Kg6 f5 48. a3 Kc6 49. Kg5 Kd7 50. Kh4 Bg2 51. g4 fxg4 52. Kxg4 Ke6 53. h4 Kf6 54. Kf4 Bc6 55. Ba5 Be8 56. Bc3+ Kg6 57. Ke5 1-0

[Event "Haringey Masters"]
[Site "London, Muswell Hill"]
[Date "1989.07.12"]
[Round "2"]
[White "Mortazavi, Ali"]
[Black "Adams, Michael"]
[Result "1/2-1/2"]
[WhiteElo "2325"]
[BlackElo "2505"]
[PlyCount "29"]
[EventDate "1989.07.11"]
[EventType "schev"]
[EventRounds "9"]
[EventCountry "ENG"]
[SourceTitle "BritBase"]
[Source "John Saunders"]
[SourceDate "2025.08.03"]
[SourceVersion "1"]
[SourceVersionDate "2025.08.03"]
[SourceQuality "1"]

1. Nc3 d5 2. d4 Nf6 3. Bg5 Nbd7 4. Nf3 h6 5. Bh4 e6 6. e3 c5 7. Bd3 Be7 8. O-O O-O 9. Re1 b6 10. e4 dxe4 11. Nxe4 Bb7 12. dxc5 Nxc5 13. Nxc5 bxc5 14. Qe2 Rb8 15. b3 1/2-1/2

[Event "Haringey Masters"]
[Site "London, Muswell Hill"]
[Date "1989.07.12"]
[Round "2"]
[White "Pergericht, Daniel"]
[Black "Kool, Gerard J"]
[Result "1-0"]
[WhiteElo "2325"]
[BlackElo "2260"]
[PlyCount "95"]
[EventDate "1989.07.11"]
[EventType "schev"]
[EventRounds "9"]
[EventCountry "ENG"]
[SourceTitle "BritBase"]
[Source "John Saunders"]
[SourceDate "2025.08.03"]
[SourceVersion "1"]
[SourceVersionDate "2025.08.03"]
[SourceQuality "1"]

1. d4 Nf6 2. c4 g6 3. Nc3 d5 4. Nf3 Bg7 5. e3 O-O 6. Be2 b6 7. cxd5 Nxd5 8. Nxd5 Qxd5 9. Ne5 c6 10. Bf3 Qd6 11. Nc4 Qb4+ 12. Nd2 Ba6 13. Qb3 Qd6 14. Ne4 Qc7 15. Bd2 e5 16. dxe5 Bxe5 17. O-O-O Bc8 18. Bc3 Be6 19. Bxe5 Qxe5 20. Qc3 Nd7 21. Rd6 Qxc3+ 22. Nxc3 Ne5 23. Bxc6 Rac8 24. Bd5 Nd3+ 25. Kb1 Nxf2 26. Rf1 Ng4 27. Rxe6 fxe6 28. Bxe6+ Kg7 29. Rxf8 Rxf8 30. Bxg4 Rf2 31. Bf3 g5 32. Ne4 Rf1+ 33. Kc2 Kg6 34. h3 h6 35. Nd2 Re1 36. Kd3 Kf5 37. Kd4 Ke6 38. e4 Rc1 39. e5 Rc2 40. Bd5+ Ke7 41. Kd3 Rc5 42. Kd4 Rc2 43. Nc4 Rf2 44. a4 Rf1 45. Ne3 Rf2 46. b3 h5 47. Bf3 h4 48. Nd5+ 1-0

[Event "Haringey Masters"]
[Site "London, Muswell Hill"]
[Date "1989.07.12"]
[Round "2"]
[White "Polaczek, Richard"]
[Black "Conquest, Stuart C"]
[Result "1-0"]
[WhiteElo "2400"]
[BlackElo "2515"]
[PlyCount "87"]
[EventDate "1989.07.11"]
[EventType "schev"]
[EventRounds "9"]
[EventCountry "ENG"]
[SourceTitle "BritBase"]
[Source "John Saunders"]
[SourceDate "2025.08.03"]
[SourceVersion "1"]
[SourceVersionDate "2025.08.03"]
[SourceQuality "1"]

1. c4 f5 2. Nf3 Nf6 3. g3 d6 4. Nc3 e5 5. d4 e4 6. Nh4 c6 7. Bg5 Be7 8. f3 O-O 9. Bg2 exf3 10. Nxf3 Ne4 11. Bxe7 Qxe7 12. Qd3 Nd7 13. O-O Ndf6 14. Rae1 Bd7 15. Nd2 Rae8 16. Ncxe4 fxe4 17. Qb3 b6 18. e3 Rf7 19. Rf4 g5 20. Rf2 Qf8 21. Qa3 Bc8 22. Ref1 d5 23. Qa4 b5 24. cxb5 Qh6 25. h3 Bxh3 26. Rxf6 Rxf6 27. Bxh3 Qxh3 28. Rxf6 Qxg3+ 29. Kf1 Qxe3 30. Qxa7 Qh3+ 31. Ke1 Qh4+ 32. Kd1 Qh5+ 33. Kc2 e3 34. Nf3 g4 35. Ne1 cxb5 36. Qd7 g3 37. Rf3 Qg6+ 38. Kb3 e2 39. Kb4 g2 40. Nxg2 e1=Q+ 41. Nxe1 Rxe1 42. Qxd5+ Kg7 43. Qd7+ Kg8 44. Qc7 1-0

[Event "Haringey Masters"]
[Site "London, Muswell Hill"]
[Date "1989.07.12"]
[Round "2"]
[White "Rajkovic, Dusan"]
[Black "Elyoseph, Harel"]
[Result "1/2-1/2"]
[WhiteElo "2465"]
[BlackElo "2320"]
[PlyCount "47"]
[EventDate "1989.07.11"]
[EventType "schev"]
[EventRounds "9"]
[EventCountry "ENG"]
[SourceTitle "BritBase"]
[Source "John Saunders"]
[SourceDate "2025.08.03"]
[SourceVersion "1"]
[SourceVersionDate "2025.08.03"]
[SourceQuality "1"]

1. d4 d5 2. Nf3 c5 3. g3 cxd4 4. Bg2 Nf6 5. O-O e6 6. Nxd4 Nc6 7. c4 Bc5 8. Nb3 Be7 9. Nc3 dxc4 10. Nd2 Nd5 11. Nxc4 Nxc3 12. Qxd8+ Nxd8 13. bxc3 Bd7 14. Na5 Rc8 15. Nxb7 Nxb7 16. Bxb7 Rxc3 17. Bb2 Rc7 18. Ba6 f6 19. Rac1 Rxc1 20. Rxc1 Bd6 21. Bd4 Ke7 22. f4 Rb8 23. Bd3 h6 24. Bxa7 1/2-1/2

[Event "Haringey Masters"]
[Site "London, Muswell Hill"]
[Date "1989.07.12"]
[Round "2"]
[White "Shrentzel, Mordechai"]
[Black "Martin, Andrew D"]
[Result "1/2-1/2"]
[WhiteElo "2325"]
[BlackElo "2425"]
[PlyCount "132"]
[EventDate "1989.07.11"]
[EventType "schev"]
[EventRounds "9"]
[EventCountry "ENG"]
[SourceTitle "BritBase"]
[Source "John Saunders"]
[SourceDate "2025.08.03"]
[SourceVersion "1"]
[SourceVersionDate "2025.08.03"]
[SourceQuality "1"]

1. e4 e6 2. d4 d5 3. Nc3 Bb4 4. Bd3 dxe4 5. Bxe4 Nf6 6. Bf3 Nbd7 7. Nge2 O-O 8. Bf4 Bd6 9. Qd2 Rb8 10. Nb5 Bxf4 11. Qxf4 c6 12. Nd6 Qa5+ 13. Qd2 Qc7 14. Nxc8 Rfxc8 15. O-O b5 16. Rac1 c5 17. c4 b4 18. d5 exd5 19. Bxd5 Nb6 20. Bf3 Rd8 21. Qc2 Rd6 22. Ng3 Rbd8 23. Rcd1 Rxd1 24. Rxd1 Rxd1+ 25. Bxd1 Qe5 26. Be2 g6 27. Nf1 Qd4 28. Ne3 Ne4 29. Bf3 Nd6 30. b3 Nd7 31. Qd1 Qxd1+ 32. Nxd1 Ne5 33. Kf1 Nxf3 34. gxf3 Nf5 35. Ke2 Kf8 36. f4 Ke7 37. Ne3 Nd4+ 38. Kd3 f5 39. Nd5+ Kd6 40. Ne3 a5 41. Nf1 Ne6 42. Ke3 Ng7 43. f3 Ne6 44. Ng3 a4 45. Ne2 axb3 46. axb3 Ke7 47. h4 Kf6 48. Kf2 Nd8 49. Nc1 Ke6 50. Ke2 Nc6 51. Ke3 Nd4 52. Kf2 Kf6 53. Ke3 Kg7 54. Kf2 Kh6 55. Kg3 Kh5 56. Kh3 Kh6 57. Kg3 Kg7 58. Kf2 Kf7 59. Kg2 Kg7 60. Kf2 Kh6 61. Kg3 Kh5 62. Kh3 Nxf3 63. Nd3 Nd2 64. Nxc5 h6 65. Nd3 Nxb3 66. Nxb4 g5 1/2-1/2

[Event "Haringey Masters"]
[Site "London, Muswell Hill"]
[Date "1989.07.17"]
[Round "2"]
[White "Hodgson, Julian M"]
[Black "Pein, Malcolm"]
[Result "1/2-1/2"]
[WhiteElo "2535"]
[BlackElo "2385"]
[PlyCount "122"]
[EventDate "1989.07.11"]
[EventType "schev"]
[EventRounds "9"]
[EventCountry "ENG"]
[SourceTitle "BritBase"]
[Source "John Saunders"]
[SourceDate "2025.08.03"]
[SourceVersion "1"]
[SourceVersionDate "2025.08.03"]
[SourceQuality "1"]

1. d4 d6 2. Bg5 g6 3. e4 Bg7 4. c3 Nf6 5. Bd3 O-O 6. Ne2 h6 7. Bh4 e5 8. O-O Nc6 9. Nd2 Qe8 10. Re1 Nh5 11. dxe5 dxe5 12. f3 Nf4 13. Bc4 Na5 14. Nxf4 exf4 15. Bf1 Be6 16. e5 Qd7 17. Ne4 Qxd1 18. Raxd1 g5 19. Bf2 b6 20. h4 Bxa2 21. hxg5 hxg5 22. Nxg5 Rfe8 23. b4 Nb7 24. Ba6 Nd8 25. Ne4 Rxe5 26. Bh4 Ne6 27. Nf6+ Bxf6 28. Bxf6 Rf5 29. Be5 f6 30. Bd4 Rd8 31. Bd3 Rfd5 32. Bxf6 R8d6 33. Ra1 Rxd3 34. Rxa2 Kf7 35. Be5 Rd1 36. Ra1 Rxe1+ 37. Rxe1 Rd5 38. Re4 Rd3 39. Bxf4 Rxc3 40. Be5 Rc2 41. f4 a5 42. bxa5 bxa5 43. Ra4 Rc5 44. Kf2 Rb5 45. Ke3 Rb3+ 46. Kf2 Rb4 47. Rxb4 axb4 48. Ke3 c5 49. f5 Nf8 50. g4 Nd7 51. Ba1 c4 52. Bd4 Nf6 53. g5 Nd5+ 54. Ke4 Ne7 55. Bc5 Nc6 56. Kd5 b3 57. g6+ Kf6 58. Kxc6 b2 59. g7 b1=Q 60. g8=Q Qe4+ 61. Kc7 Kxf5 1/2-1/2

[Event "Haringey Masters"]
[Site "London, Muswell Hill"]
[Date "1989.07.14"]
[Round "3"]
[White "Elyoseph, Harel"]
[Black "Mortazavi, Ali"]
[Result "1/2-1/2"]
[WhiteElo "2320"]
[BlackElo "2325"]
[PlyCount "46"]
[EventDate "1989.07.11"]
[EventType "schev"]
[EventRounds "9"]
[EventCountry "ENG"]
[SourceTitle "BritBase"]
[Source "John Saunders"]
[SourceDate "2025.08.03"]
[SourceVersion "1"]
[SourceVersionDate "2025.08.03"]
[SourceQuality "1"]

1. c4 g6 2. Nc3 Bg7 3. d4 Nf6 4. e4 d6 5. Be2 O-O 6. Nf3 c5 7. O-O Nc6 8. d5 Na5 9. h3 e6 10. Bd3 e5 11. a3 b6 12. b4 Nb7 13. Re1 h6 14. Bf1 Nh7 15. g3 f5 16. Nh4 Qf6 17. exf5 gxf5 18. Bb2 Bd7 19. Kh2 Ng5 20. Nf3 Rae8 21. Bg2 e4 22. Nxg5 hxg5 23. Qh5 Qh6 1/2-1/2

[Event "Haringey Masters"]
[Site "London, Muswell Hill"]
[Date "1989.07.14"]
[Round "3"]
[White "Karolyi, Tibor Jr"]
[Black "Dutreeuw, Marc"]
[Result "1-0"]
[WhiteElo "2430"]
[BlackElo "2400"]
[PlyCount "81"]
[EventDate "1989.07.11"]
[EventType "schev"]
[EventRounds "9"]
[EventCountry "ENG"]
[SourceTitle "BritBase"]
[Source "John Saunders"]
[SourceDate "2025.08.03"]
[SourceVersion "1"]
[SourceVersionDate "2025.08.03"]
[SourceQuality "1"]

1. d4 d5 2. c4 e6 3. Nc3 Be7 4. cxd5 exd5 5. Bf4 Nf6 6. e3 Bf5 7. Qb3 Nc6 8. Qxb7 Nb4 9. Bb5+ Kf8 10. Kd2 a6 11. Ba4 Nd3 12. Bxc7 Qc8 13. Qxc8+ Rxc8 14. Ba5 Nxb2 15. Bb3 Ba3 16. f3 h5 17. Nge2 Ke7 18. Nf4 Nc4+ 19. Bxc4 Rxc4 20. Nfxd5+ Nxd5 21. Nxd5+ Kd6 22. e4 Be6 23. Ne3 Rxd4+ 24. Ke2 Rb8 25. Bc3 Ra4 26. Bxg7 Bb2 27. Rhd1+ Ke7 28. Bxb2 Rxb2+ 29. Rd2 Rxd2+ 30. Kxd2 Rxa2+ 31. Rxa2 Bxa2 32. h4 f6 33. Kc3 Kd6 34. Kd4 Ke6 35. Nd5 Kf7 36. Nb4 Bb1 37. Nxa6 f5 38. e5 f4 39. Nc5 Kg6 40. Kd5 Ba2+ 41. Ke4 1-0

[Event "Haringey Masters"]
[Site "London, Muswell Hill"]
[Date "1989.07.14"]
[Round "3"]
[White "Kool, Gerard J"]
[Black "Shrentzel, Mordechai"]
[Result "0-1"]
[WhiteElo "2260"]
[BlackElo "2325"]
[PlyCount "82"]
[EventDate "1989.07.11"]
[EventType "schev"]
[EventRounds "9"]
[EventCountry "ENG"]
[SourceTitle "BritBase"]
[Source "John Saunders"]
[SourceDate "2025.08.03"]
[SourceVersion "1"]
[SourceVersionDate "2025.08.03"]
[SourceQuality "1"]

1. Nf3 Nf6 2. g3 b5 3. a4 b4 4. c4 e6 5. d4 Bb7 6. Nbd2 c5 7. Nb3 Na6 8. Bg2 Be7 9. O-O Rc8 10. Be3 O-O 11. Rc1 cxd4 12. Bxd4 Nc5 13. Bxc5 Bxc5 14. Nxc5 Rxc5 15. Qd4 Qc7 16. Rfd1 Rc8 17. b3 Nd5 18. e4 Nc3 19. Re1 h6 20. Rc2 d5 21. exd5 exd5 22. Nh4 dxc4 23. Bxb7 Qxb7 24. bxc4 Rxc4 25. Qd3 b3 26. Rb2 Qb4 27. Nf5 Nxa4 28. Rbe2 Rc1 29. Rxc1 Rxc1+ 30. Kg2 Qb7+ 31. f3 Rc2 32. Kh3 Rxe2 33. Qxe2 Qd7 34. g4 b2 35. Qe5 f6 36. Qb8+ Kh7 37. Qb3 Qc7 38. Nh4 f5 39. Qd3 Nc3 40. Qxf5+ Kg8 41. Qe6+ Qf7 0-1

[Event "Haringey Masters"]
[Site "London, Muswell Hill"]
[Date "1989.07.14"]
[Round "3"]
[White "Martin, Andrew D"]
[Black "Matulovic, Milan"]
[Result "1/2-1/2"]
[WhiteElo "2425"]
[BlackElo "2425"]
[PlyCount "50"]
[EventDate "1989.07.11"]
[EventType "schev"]
[EventRounds "9"]
[EventCountry "ENG"]
[SourceTitle "BritBase"]
[Source "John Saunders"]
[SourceDate "2025.08.03"]
[SourceVersion "1"]
[SourceVersionDate "2025.08.03"]
[SourceQuality "1"]

1. c4 g6 2. d4 Bg7 3. Nc3 c5 4. d5 d6 5. e4 Nf6 6. f4 O-O 7. Nf3 e6 8. Be2 exd5 9. cxd5 Re8 10. e5 dxe5 11. fxe5 Ng4 12. Bg5 Qb6 13. O-O Nxe5 14. d6 Be6 15. Nd5 Bxd5 16. Qxd5 Nbd7 17. Nxe5 Rxe5 18. Qxf7+ Kh8 19. Qxd7 Rxg5 20. Rad1 Rd8 21. Qf7 Qc6 22. Bf3 Qd7 23. Bxb7 Bd4+ 24. Kh1 Qxf7 25. Rxf7 Rxd6 1/2-1/2

[Event "Haringey Masters"]
[Site "London, Muswell Hill"]
[Date "1989.07.15"]
[Round "4"]
[White "Dunnington, Angus J"]
[Black "Elyoseph, Harel"]
[Result "0-1"]
[WhiteElo "2380"]
[BlackElo "2320"]
[PlyCount "74"]
[EventDate "1989.07.11"]
[EventType "schev"]
[EventRounds "9"]
[EventCountry "ENG"]
[SourceTitle "BritBase"]
[Source "John Saunders"]
[SourceDate "2025.08.03"]
[SourceVersion "1"]
[SourceVersionDate "2025.08.03"]
[SourceQuality "1"]

1. g3 d5 2. Bg2 Nf6 3. Nf3 c5 4. O-O e6 5. d4 cxd4 6. Nxd4 Nc6 7. c4 Bc5 8. Nxc6 bxc6 9. Nc3 O-O 10. Bg5 h6 11. Bxf6 Qxf6 12. Qa4 Bb7 13. Rac1 Bb6 14. e3 Rfd8 15. Qa3 h5 16. Rfe1 h4 17. c5 Bc7 18. Qb4 hxg3 19. hxg3 Bc8 20. Qa4 e5 21. b4 e4 22. b5 Be5 23. Ne2 cxb5 24. Qxb5 Ba6 25. Qa5 Bc4 26. Nc3 Rab8 27. c6 Rb2 28. Nd1 Rxa2 29. Qc5 Bd6 30. Qd4 Be5 31. Qc5 Bd6 32. Qd4 Qxd4 33. exd4 Bb4 34. Nc3 Ra6 35. c7 Rc8 36. Bh3 Rxc7 37. Nxd5 Bxd5 0-1

[Event "Haringey Masters"]
[Site "London, Muswell Hill"]
[Date "1989.07.15"]
[Round "4"]
[White "Matulovic, Milan"]
[Black "Kool, Gerard J"]
[Result "1-0"]
[WhiteElo "2425"]
[BlackElo "2260"]
[PlyCount "33"]
[EventDate "1989.07.11"]
[EventType "schev"]
[EventRounds "9"]
[EventCountry "ENG"]
[SourceTitle "BritBase"]
[Source "John Saunders"]
[SourceDate "2025.08.03"]
[SourceVersion "1"]
[SourceVersionDate "2025.08.03"]
[SourceQuality "1"]

1. e4 e6 2. d4 d5 3. Nd2 c5 4. Ngf3 Nf6 5. exd5 Qxd5 6. Bc4 Qd6 7. O-O cxd4 8. Nb3 Nc6 9. Nbxd4 Nxd4 10. Nxd4 Qc7 11. Qe2 Bd6 12. Nb5 Qb8 13. Nxd6+ Qxd6 14. Rd1 Qc7 15. b3 O-O 16. Ba3 Rd8 17. Qe5 1-0